| 000 | 00584nam a2200193 4500 | ||
|---|---|---|---|
| 001 | 144935 | ||
| 003 | ES-MaACL | ||
| 005 | 20250704062529.0 | ||
| 007 | t| | ||
| 008 | 070214s1919 fr r ||||1| fre d | ||
| 100 | 1 |
_aSimon, Gustave. _9106509 |
|
| 245 | 1 | 0 |
_aHistoire d'une collaboration _b: Alexandre Dumas et Auguste Maquet / _cGustave Simon. |
| 260 |
_aOrléans : _bOrléanaise, _c1919. |
||
| 300 |
_a204 p., 1 lám. ; _c19 cm. |
||
| 600 | 0 | 4 |
_aMaquet, Auguste. _976282 |
| 600 | 1 | 4 |
_aDumas, Alexandre, _d1802-1870 _9241135 |
| 852 |
_aES-MaACL _jF-5625 |
||
| 999 |
_c144935 _d144935 |
||